Subdivision capitals closest to Novi Sad (RS) - Statistics

General Stats
  • This quiz has been taken 30 times
  • The average score is 8 of 20
Answer Stats
Distance (km) Answer % Correct
5 69 Beograd
94%
2 45 Zrenjanin
67%
8 81 Sombor
61%
11 95 Subotica
61%
7 80 Kikinda
56%
1 37 Sremska Mitrovica
56%
6 76 Pančevo
50%
3 57 Šabac
44%
12 97 Osijek
39%
13 108 Smederevo
39%
16 121 Timișoara
39%
14 109 Valjevo
39%
18 127 Požarevac
33%
15 113 Szeged
33%
17 122 Tuzla
33%
9 92 Brčko
28%
4 67 Vukovar
28%
19 144 Slavonski Brod
22%
10 94 Orašje
17%
20 151 Szekszárd
0%
No matching quizzes found
Score Distribution
Percent of People with Each Score
Percentile by Number Answered
Your Score History
You have not taken this quiz